000 02511nam0a2200469 4500
001 RU\NLR\bibl\1252042
005 20260406155425.0
010 _a978-5-9926-0077-3
_9500
021 _aRU
_b2008-38478
_92121
035 _a(NLR Aleph) 001238122
090 _a241388
_c241388
100 _a20080711d2007 |||y0rusy50 ca
101 0 _arus
102 _aRU
105 _ay |||||||||
200 1 _aДревнегреческие мифопоэтические традиции в литературе русского модерна (Владимир Соловьев, Вячеслав Иванов)
_eмонография
_fН.Г. Арефьева
_gФедер. агентство по образованию, Астрахан. гос. ун-т
210 _aАстрахань
_cАстраханский университет
_d2007
215 _a269 с.
_d21
320 _aБиблиогр. в подстроч. примеч.
600 1 _aИванов
_bВ.И.
_f1866 - 1949
_gВячеслав Иванович
_xТематика произведений
_92218485
_3RU\NLR\auth\661332267
600 1 _aСоловьев
_bВ.С.
_f1853 - 1900
_gВладимир Сергеевич
_xТематика произведений
_91975445
_3RU\NLR\auth\661192106
606 1 _aМодернизм
_xв литературе
_yРоссия
_91675023
_3RU\NLR\auth\66743192
606 1 _aРусская литература
_xСвязи
_xАнтичный фольклор
_z20 в.
_92535199
_3RU\NLR\auth\661501388
606 1 _aДревнегреческий фольклор
_xВлияние на русскую литературу
_z20 в.
_92535941
_3RU\NLR\AUTH\661501768
686 _aШ5(2=Р)52-4Соловьев
686 _aШ5(2=Р)53-4Иванов
686 _aШ5(2=Р)53-328.8
686 _aШ5(2=Р)53-312
686 _aШ3(0)323-60
700 1 _aАрефьева
_bН. Г.
_gНаталья Генриевна
_4070
702 1 _4570
_7ca
_8rus
_aСоловьев
_bВ. С.
_cфилософ, поэт
_f1853-1900
_gВладимир Сергеевич
_9117625
_3RU\NLR\auth\777693
702 1 _4570
_7ca
_8rus
_aИванов
_bВ. И.
_cпоэт, переводчик
_f1866-1949
_gВячеслав Иванович
_9117498
_3RU\NLR\auth\777565
801 0 _aRU
_bNLR
_c20080711
_gRCR
801 1 _aRU
_bNLR
_c20080711
830 _aпо кн.
942 _cBOOK
980 _aNB
980 _aNBR